[Event "Wunsiedel op 12th"]
[Site "Wunsiedel"]
[Date "2018.05.17"]
[Round "1"]
[White "Noeckler, Alexander"]
[Black "Ivanov, Mikhail M"]
[Result "0-1"]
[WhiteElo "1827"]
[BlackElo "2355"]
[PlyCount "64"]
[EventDate "2018.05.17"]
[EventType "swiss"]
[EventRounds "9"]
[EventCountry "GER"]
[SourceTitle "CBM 184 Extra"]
[Source "ChessBase"]
[SourceDate "2018.06.28"]
[SourceVersion "1"]
[SourceVersionDate "2018.06.28"]
[SourceQuality "1"]

1. c4 g6 2. Nc3 Bg7 3. g3 d6 4. d4 Nc6 5. e3 e5 6. d5 Nce7 7. Bg2 f5 8. Nge2 Nf6 9. 0-0 g5 10. Bd2 Ng6 11. Qc2 0-0 12. Rac1 Kh8 13. b4 f4 14. f3 Nh5 15. Ne4 Bf5 16. Be1 g4 17. N2c3 Qd7 18. Qe2 Bh6 19. Bd2 Rf7 20. exf4 exf4 21. fxg4 Bxg4 22. Bf3 Bxf3 23. Qxf3 Ng7 24. gxf4 Bxf4 25. Bxf4 Rxf4 26. Qe2 Raf8 27. Rxf4 Nxf4 28. Qe3 Qg4+ 29. Qg3 Qf5 30. Re1 Ngh5 31. Qh4 Nh3+ 32. Kh1 Qf3# 0-1

[Event "Regionalliga Nord-Ost 1718"]
[Site "Bayern"]
[Date "2018.04.15"]
[Round "9.3"]
[White "Noeckler, Alexander"]
[Black "Nehls, Benedikt"]
[Result "0-1"]
[WhiteElo "1774"]
[BlackElo "2066"]
[PlyCount "102"]
[EventDate "2017.10.22"]
[EventType "team-tourn"]
[EventRounds "9"]
[EventCountry "GER"]
[SourceTitle "EXT 2022"]
[Source "ChessBase"]
[SourceDate "2021.10.06"]
[SourceVersion "1"]
[SourceVersionDate "2021.10.06"]
[SourceQuality "1"]
[WhiteTeam "Weiden"]
[BlackTeam "Erlangen SC II"]
[WhiteTeamCountry "GER"]
[BlackTeamCountry "GER"]

1. c4 c6 2. Nf3 d5 3. e3 Nf6 4. Qc2 Nbd7 5. d4 e6 6. Be2 Bd6 7. 0-0 0-0 8. Nbd2 e5 9. dxe5 Nxe5 10. Nxe5 Bxe5 11. Nf3 Bd6 12. b3 dxc4 13. Qxc4 Be6 14. Qc2 Bd5 15. Nd2 Qe7 16. Bb2 Rfe8 17. Bd3 Bxh2+ 18. Kxh2 Ng4+ 19. Kh3 Qg5 20. Bxh7+ Kh8 21. Be4 Bxe4 22. Nxe4 Qf5 23. Kg3 Rxe4 24. f3 Qg5 25. Rh1+ Kg8 26. Rh5 Qxh5 27. Qxe4 Qh2+ 28. Kxg4 Qxg2+ 29. Kf4 Qxb2 30. Rh1 Qf6+ 31. Kg3 g6 32. Rh4 Rd8 33. Rf4 Qd6 34. Qc4 Rd7 35. Kg4 Qd2 36. Re4 Qg2+ 37. Kf4 Qh2+ 38. Kg4 Qh5+ 39. Kg3 Qg5+ 40. Kh3 Qf6 41. Kg3 Rd5 42. Re8+ Kg7 43. f4 Qd6 44. Qe4 Rg5+ 45. Kf3 Qd1+ 46. Kf2 Qg1+ 47. Ke2 Rg2+ 48. Kd3 Qb1+ 49. Kc4 Qc1+ 50. Kb4 a5+ 51. Kxa5 Qc5+ 0-1

[Event "Oberpfalz-ch M1"]
[Site "Bad Koetzting"]
[Date "2018.03.27"]
[Round "7"]
[White "Noeckler, Alexander"]
[Black "Moroz, Grigorij"]
[Result "1/2-1/2"]
[WhiteElo "1869"]
[BlackElo "1996"]
[PlyCount "30"]
[EventDate "2018.03.24"]
[EventType "swiss"]
[EventRounds "8"]
[EventCountry "GER"]
[SourceTitle "EXT 2020"]
[Source "ChessBase"]
[SourceDate "2019.10.17"]
[SourceVersion "1"]
[SourceVersionDate "2019.10.17"]
[SourceQuality "1"]

1. c4 e5 2. Nc3 Nc6 3. Nf3 Nf6 4. g3 g6 5. Bg2 Bg7 6. 0-0 0-0 7. d4 exd4 8. Nxd4 Nxd4 9. Qxd4 d6 10. Qd3 Rb8 11. e4 Re8 12. h3 h6 13. Be3 a6 14. Rad1 b6 15. b3 Bb7 1/2-1/2

[Event "Oberpfalz-ch M1"]
[Site "Bad Koetzting"]
[Date "2018.03.27"]
[Round "8"]
[White "Ziemann, Ulrich"]
[Black "Noeckler, Alexander"]
[Result "1/2-1/2"]
[WhiteElo "1834"]
[BlackElo "1869"]
[PlyCount "59"]
[EventDate "2018.03.24"]
[EventType "swiss"]
[EventRounds "8"]
[EventCountry "GER"]
[SourceTitle "EXT 2020"]
[Source "ChessBase"]
[SourceDate "2019.10.17"]
[SourceVersion "1"]
[SourceVersionDate "2019.10.17"]
[SourceQuality "1"]

1. d4 d5 2. Nf3 Nf6 3. c4 e6 4. Nc3 Be7 5. Bf4 c6 6. e3 0-0 7. Bd3 Nbd7 8. 0-0 dxc4 9. Bxc4 b5 10. Bd3 a6 11. e4 c5 12. d5 exd5 13. exd5 Re8 14. Ne5 Qb6 15. Qf3 Bd6 16. Nxd7 Bxd7 17. Ne4 Nxe4 18. Bxe4 Qc7 19. Bxd6 Qxd6 20. Rfe1 Re5 21. Qd3 f5 22. Bf3 Rae8 23. Qd2 R8e7 24. g3 Be8 25. Rac1 Kf8 26. Rxe5 Rxe5 27. Qf4 Qe7 28. Rd1 Bd7 29. a3 a5 30. Qd2 1/2-1/2

[Event "Oberpfalz-ch M1"]
[Site "Bad Koetzting"]
[Date "2018.03.25"]
[Round "4"]
[White "Noeckler, Alexander"]
[Black "Berisha, Shpend"]
[Result "0-1"]
[WhiteElo "1869"]
[BlackElo "2044"]
[PlyCount "76"]
[EventDate "2018.03.24"]
[EventType "swiss"]
[EventRounds "8"]
[EventCountry "GER"]
[SourceTitle "EXT 2020"]
[Source "ChessBase"]
[SourceDate "2019.10.17"]
[SourceVersion "1"]
[SourceVersionDate "2019.10.17"]
[SourceQuality "1"]

1. c4 Nf6 2. Nc3 g6 3. Nf3 Bg7 4. g3 d6 5. d4 0-0 6. Bg2 Nc6 7. 0-0 Nd7 8. e4 e5 9. d5 Ne7 10. Be3 h6 11. Qd2 Kh7 12. Ne1 Nf6 13. h3 Bd7 14. f4 Nh5 15. Kh2 f5 16. Nd3 Qc8 17. fxe5 dxe5 18. Bc5 Re8 19. Rae1 b6 20. Bxe7 Rxe7 21. exf5 gxf5 22. Bf3 Nf6 23. Nxe5 Ne4 24. Nxe4 Bxe5 25. Nf2 Rb8 26. Nd3 Bd6 27. Rxe7+ Bxe7 28. Nf4 Qf8 29. Bh5 Bd6 30. Qe2 Qf6 31. b3 Rg8 32. Rf2 Qg5 33. Rg2 Bxf4 34. gxf4 Qxf4+ 35. Kh1 Qh4 36. Kh2 f4 37. Qf3 Rg3 38. Qe4+ Kg8 0-1

[Event "Oberpfalz-ch M1"]
[Site "Bad Koetzting"]
[Date "2018.03.24"]
[Round "2"]
[White "Paar, Johannes"]
[Black "Noeckler, Alexander"]
[Result "1-0"]
[WhiteElo "1997"]
[BlackElo "1869"]
[PlyCount "45"]
[EventDate "2018.03.24"]
[EventType "swiss"]
[EventRounds "8"]
[EventCountry "GER"]
[SourceTitle "EXT 2020"]
[Source "ChessBase"]
[SourceDate "2019.10.17"]
[SourceVersion "1"]
[SourceVersionDate "2019.10.17"]
[SourceQuality "1"]

1. e4 c5 2. Nf3 d6 3. d4 cxd4 4. Nxd4 Nf6 5. Nc3 a6 6. Bc4 e5 7. Nf3 Be7 8. Bg5 Nbd7 9. Bb3 h6 10. Bxf6 Nxf6 11. Qd3 Qc7 12. Rd1 0-0 13. Nh4 d5 14. exd5 Nxd5 15. Nxd5 Qa5+ 16. c3 Bxh4 17. 0-0 Re8 18. Qc4 Qd8 19. Nc7 Qe7 20. Nxa8 Be6 21. Qa4 Rxa8 22. Bxe6 Qxe6 23. Qxh4 1-0

[Event "Regionalliga Nord-Ost 1718"]
[Site "Bayern"]
[Date "2018.03.18"]
[Round "8.3"]
[White "Noeckler, Alexander"]
[Black "Hofer, Markus"]
[Result "1/2-1/2"]
[WhiteElo "1774"]
[BlackElo "2137"]
[PlyCount "117"]
[EventDate "2017.10.22"]
[EventType "team-tourn"]
[EventRounds "9"]
[EventCountry "GER"]
[SourceTitle "EXT 2022"]
[Source "ChessBase"]
[SourceDate "2021.10.06"]
[SourceVersion "1"]
[SourceVersionDate "2021.10.06"]
[SourceQuality "1"]
[WhiteTeam "Weiden"]
[BlackTeam "Buechenbach/Roth"]
[WhiteTeamCountry "GER"]
[BlackTeamCountry "GER"]

1. c4 e6 2. Nf3 d5 3. e3 c5 4. d4 Nf6 5. Nc3 Nc6 6. Be2 cxd4 7. Nxd4 Be7 8. 0-0 0-0 9. a3 e5 10. Nxc6 bxc6 11. cxd5 cxd5 12. b4 Be6 13. Bb2 Rc8 14. Ba6 Rb8 15. Rc1 Qd6 16. Qe2 e4 17. h3 Bd8 18. f4 exf3 19. Rxf3 Bc7 20. Kf1 Ne4 21. Nxe4 dxe4 22. Rf4 f5 23. Bc4 Rf7 24. Rf2 Rd8 25. Bxe6 Qxe6 26. Qc4 Qxc4+ 27. Rxc4 Bb6 28. Re2 Rfd7 29. g4 Rd1+ 30. Re1 R1d2 31. Bc1 Rh2 32. gxf5 Rf8 33. Rxe4 Rxf5+ 34. Rf4 Rh5 35. Rf3 R5xh3 36. Rxh3 Rxh3 37. Kg2 Rh6 38. Rd1 Rf6 39. Bb2 Rf8 40. Rd7 Rf7 41. Rd3 h6 42. a4 Kh7 43. Bd4 Bxd4 44. exd4 Rb7 45. b5 Kg6 46. Kf3 Kf5 47. Rc3 Re7 48. Rc5+ Kf6 49. a5 Rb7 50. Ke4 Ke6 51. Rc6+ Kd7 52. Rg6 Kc8 53. b6 axb6 54. axb6 Rd7 55. d5 h5 56. Kd4 h4 57. Kc5 Kb7 58. Kd4 h3 59. Rg3 1/2-1/2

[Event "Regionalliga Nord-Ost 1718"]
[Site "Bayern"]
[Date "2018.02.25"]
[Round "7.3"]
[White "Kappl, Peter"]
[Black "Noeckler, Alexander"]
[Result "1-0"]
[WhiteElo "1939"]
[BlackElo "1774"]
[PlyCount "81"]
[EventDate "2017.10.22"]
[EventType "team-tourn"]
[EventRounds "9"]
[EventCountry "GER"]
[SourceTitle "EXT 2022"]
[Source "ChessBase"]
[SourceDate "2021.10.06"]
[SourceVersion "1"]
[SourceVersionDate "2021.10.06"]
[SourceQuality "1"]
[WhiteTeam "Kareth Lappersdorf II"]
[BlackTeam "Weiden"]
[WhiteTeamCountry "GER"]
[BlackTeamCountry "GER"]

1. c4 e6 2. g3 d5 3. Bg2 Nf6 4. Nf3 c6 5. 0-0 Be7 6. b3 0-0 7. Bb2 Nbd7 8. d3 b6 9. Nbd2 Bb7 10. Qc2 Rc8 11. Rad1 a6 12. e4 b5 13. Rfe1 Qb6 14. h3 Rfd8 15. e5 Nh5 16. Bd4 c5 17. Bb2 g6 18. Nf1 Ng7 19. Ne3 Qa7 20. Qe2 Qa8 21. cxd5 exd5 22. Ng4 d4 23. Nh6+ Kf8 24. Kh2 Ne6 25. Rg1 Kg7 26. Bc1 Nb6 27. Nh4 Bxg2 28. Nxg2 Ng5 29. Bxg5 Bxg5 30. Ng4 h5 31. f4 hxg4 32. Qxg4 Bh6 33. f5 Nd5 34. Rgf1 Qb8 35. fxg6 fxg6 36. Nh4 Ne7 37. Qe6 Kh7 38. Rf7+ Bg7 39. Rxe7 Rc7 40. Qxg6+ Kg8 41. Qxg7# 1-0

[Event "Regionalliga Nord-Ost 1718"]
[Site "Bayern"]
[Date "2017.10.22"]
[Round "1.2"]
[White "Noeckler, Alexander"]
[Black "Kalous, Miroslav"]
[Result "0-1"]
[WhiteElo "1774"]
[BlackElo "1995"]
[PlyCount "118"]
[EventDate "2017.10.22"]
[EventType "team-tourn"]
[EventRounds "9"]
[EventCountry "GER"]
[SourceTitle "EXT 2022"]
[Source "ChessBase"]
[SourceDate "2021.10.06"]
[SourceVersion "1"]
[SourceVersionDate "2021.10.06"]
[SourceQuality "1"]
[WhiteTeam "Weiden"]
[BlackTeam "Windischeschenbach"]
[WhiteTeamCountry "GER"]
[BlackTeamCountry "GER"]

1. c4 Nf6 2. Nc3 e6 3. Nf3 Bb4 4. Qc2 b6 5. g3 Bb7 6. Bg2 0-0 7. 0-0 Bxc3 8. Qxc3 c5 9. b3 d5 10. e3 Ne4 11. Qc2 f5 12. d3 Nf6 13. Bb2 Nbd7 14. Qc3 Qe7 15. Ne5 Nxe5 16. Qxe5 Rad8 17. cxd5 Nxd5 18. a3 Ba6 19. Rfd1 Qf6 20. Rd2 Qxe5 21. Bxe5 Rd7 22. e4 Nf6 23. exf5 exf5 24. d4 Ne4 25. Rdd1 Rfd8 26. g4 g6 27. gxf5 gxf5 28. f3 Nc3 29. Rd2 Ne2+ 30. Kf2 Nxd4 31. Rad1 Bc8 32. b4 Nc6 33. Rxd7 Rxd7 34. Rxd7 Bxd7 35. Bd6 cxb4 36. axb4 a5 37. bxa5 bxa5 38. f4 Nb4 39. Ke3 Kf7 40. Kd4 Be6 41. Bf3 Ke8 42. Bc5 Kd7 43. Bb6 a4 44. Bc5 Na6 45. Ba3 Bb3 46. Be2 Nc7 47. Ke5 Bc2 48. Bc4 Kc6 49. Bg8 h6 50. Bh7 Nb5 51. Bb2 Nd6 52. Kf6 Kd5 53. Bg8+ Kc5 54. Be5 Nb5 55. Kg6 Bb3 56. Bh7 a3 57. Kf6 Nd4 58. Bg6 a2 59. Bxd4+ Kxd4 0-1

[Event "Regensburg Donau Cup"]
[Site "Regensburg"]
[Date "2017.05.28"]
[Round "7"]
[White "Noeckler, Alexander"]
[Black "Bruell, Elias"]
[Result "1-0"]
[WhiteElo "1854"]
[BlackElo "1690"]
[PlyCount "119"]
[EventDate "2017.05.24"]
[EventType "swiss"]
[EventRounds "7"]
[EventCountry "GER"]
[SourceTitle "CBM 178 Extra"]
[Source "ChessBase"]
[SourceDate "2017.06.22"]
[SourceVersion "1"]
[SourceVersionDate "2017.06.22"]
[SourceQuality "1"]

1. c4 e5 2. Nc3 Nf6 3. Nf3 Nc6 4. g3 d5 5. cxd5 Nxd5 6. Bg2 Nb6 7. 0-0 Be7 8. d3 0-0 9. a3 Be6 10. b4 a5 11. b5 Nd4 12. Nd2 Nd5 13. Nxd5 Bxd5 14. a4 Bb4 15. Bxd5 Qxd5 16. Ba3 c5 17. Nc4 Qe6 18. Bb2 f6 19. e3 Nf5 20. Qg4 Rfe8 21. Qe4 Re7 22. Rfd1 Rd8 23. Kf1 Nd6 24. Nxd6 Rxd6 25. Rac1 Red7 26. Ke2 Qd5 27. Qxd5+ Rxd5 28. Rc4 Kf7 29. f4 exf4 30. gxf4 Rh5 31. Rh1 Rh3 32. Re4 Re7 33. Rxe7+ Kxe7 34. Bc1 Ke6 35. Kf2 g5 36. fxg5 fxg5 37. Kg2 Rh6 38. Bb2 Rg6 39. Kf3 h5 40. h3 Rg8 41. Rg1 Rf8+ 42. Ke2 Rg8 43. e4 g4 44. hxg4 hxg4 45. Ke3 c4 46. dxc4 Bc5+ 47. Bd4 Bxd4+ 48. Kxd4 Rd8+ 49. Kc5 Rc8+ 50. Kb6 Rxc4 51. Rxg4 Rxa4 52. Kxb7 Rb4 53. b6 a4 54. Kc7 Rc4+ 55. Kb8 a3 56. b7 a2 57. Rg6+ Ke5 58. Ra6 Kxe4 59. Rxa2 Kd5 60. Ka8 1-0

[Event "Regensburg Donau Cup"]
[Site "Regensburg"]
[Date "2017.05.27"]
[Round "5"]
[White "Noeckler, Alexander"]
[Black "Plank, Michael"]
[Result "0-1"]
[WhiteElo "1854"]
[BlackElo "2030"]
[PlyCount "82"]
[EventDate "2017.05.24"]
[EventType "swiss"]
[EventRounds "7"]
[EventCountry "GER"]
[SourceTitle "CBM 178 Extra"]
[Source "ChessBase"]
[SourceDate "2017.06.22"]
[SourceVersion "1"]
[SourceVersionDate "2017.06.22"]
[SourceQuality "1"]

1. c4 c5 2. Nc3 b6 3. e4 Bb7 4. d3 e6 5. g3 d6 6. Bg2 g6 7. Nge2 Bg7 8. 0-0 Nc6 9. Be3 Nd4 10. Qd2 a6 11. Rae1 Rb8 12. f4 Ne7 13. h3 0-0 14. g4 f5 15. Ng3 b5 16. b3 Kh8 17. Kh2 fxg4 18. hxg4 Nec6 19. g5 Bc8 20. Bh3 Rb7 21. Nce2 Rbf7 22. Nxd4 Nxd4 23. Bxd4 Bxd4 24. Rf3 Qc7 25. Ref1 bxc4 26. dxc4 d5 27. cxd5 exd5 28. Bxc8 dxe4 29. Nxe4 Rxc8 30. Kg2 Rcf8 31. b4 Qc6 32. Qc2 Re8 33. Nxc5 Rxf4 34. Qa4 Re2+ 35. Kg3 Rxf3+ 36. Rxf3 Qc7+ 37. Rf4 Qe5 38. Qd7 Qe3+ 39. Rf3 Qxg5+ 40. Kh3 Qh5+ 41. Kg3 Qh2+ 0-1

[Event "Oberpfalz-ch M2"]
[Site "Windischeschenbach"]
[Date "2017.04.11"]
[Round "8"]
[White "Hessler, Markus"]
[Black "Noeckler, Alexander"]
[Result "0-1"]
[WhiteElo "1779"]
[BlackElo "1887"]
[PlyCount "112"]
[EventDate "2017.04.08"]
[EventType "swiss"]
[EventRounds "8"]
[EventCountry "GER"]
[SourceTitle "EXT 2020"]
[Source "ChessBase"]
[SourceDate "2019.10.17"]
[SourceVersion "1"]
[SourceVersionDate "2019.10.17"]
[SourceQuality "1"]

1. c4 e6 2. g3 d5 3. Bg2 c6 4. b3 Nf6 5. Nf3 Nbd7 6. 0-0 b6 7. Bb2 Be7 8. d3 0-0 9. Nbd2 Bb7 10. Qc2 c5 11. d4 cxd4 12. Bxd4 Rc8 13. Qb2 Bc5 14. a3 dxc4 15. Nxc4 Bxd4 16. Qxd4 Nc5 17. Qb2 Bd5 18. Ncd2 Qd7 19. Rfd1 Qb5 20. Nd4 Qd7 21. Bxd5 Qxd5 22. N2f3 a6 23. Rac1 Rfd8 24. Qc2 Qb7 25. b4 Nce4 26. Qb2 Ng4 27. Rf1 Rxc1 28. Qxc1 Rc8 29. Qf4 Ngf6 30. h3 Qc7 31. Qxc7 Rxc7 32. Nb3 Rc3 33. Rc1 Kf8 34. Rxc3 Nxc3 35. Kf1 Nb1 36. a4 Nd5 37. b5 a5 38. Ne5 Nbc3 39. Nd2 Nxa4 40. Ndc4 Ke7 41. Nc6+ Kf6 42. Nxb6 Ndxb6 43. Nxa5 Nc3 44. Nb7 Nxb5 45. Nc5 Nc3 46. f4 Kf5 47. Nb7 Nc4 48. Kf2 Ne4+ 49. Kf3 Ncd2+ 50. Kg2 Nb3 51. e3 Kf6 52. g4 Ke7 53. h4 Kd7 54. f5 exf5 55. Kf3 Nbd2+ 56. Kg2 Nb3 0-1

[Event "Oberpfalz-ch M2"]
[Site "Windischeschenbach"]
[Date "2017.04.11"]
[Round "7"]
[White "Noeckler, Alexander"]
[Black "Landstorfer, Raphael"]
[Result "0-1"]
[WhiteElo "1887"]
[BlackElo "1571"]
[PlyCount "52"]
[EventDate "2017.04.08"]
[EventType "swiss"]
[EventRounds "8"]
[EventCountry "GER"]
[SourceTitle "EXT 2020"]
[Source "ChessBase"]
[SourceDate "2019.10.17"]
[SourceVersion "1"]
[SourceVersionDate "2019.10.17"]
[SourceQuality "1"]

1. c4 c5 2. Nc3 Nc6 3. g3 g6 4. Bg2 Bg7 5. e4 e6 6. Nge2 Nge7 7. 0-0 d6 8. d3 Nd4 9. Bf4 Nec6 10. Be3 0-0 11. Qd2 a6 12. f4 Rb8 13. Rab1 b5 14. b3 Bd7 15. g4 b4 16. Nd1 f5 17. h3 a5 18. Ng3 fxg4 19. e5 Qh4 20. Ne4 gxh3 21. Bf3 Nxf3+ 22. Rxf3 Nxe5 23. Rf1 Bc6 24. Qf2 Qg4+ 25. Kh2 Nxd3 26. Qd2 Bxe4 0-1

[Event "Pyramiden Franken Cup"]
[Site "Fuerth"]
[Date "2016.09.04"]
[Round "6"]
[White "Mikeler, Marcel"]
[Black "Noeckler, Alexander"]
[Result "0-1"]
[WhiteElo "1833"]
[BlackElo "1887"]
[PlyCount "108"]
[EventDate "2016.09.01"]
[EventType "swiss"]
[EventRounds "7"]
[EventCountry "GER"]
[SourceTitle "CBM 174 Extra"]
[Source "ChessBase"]
[SourceDate "2016.10.10"]
[SourceVersion "1"]
[SourceVersionDate "2016.10.10"]
[SourceQuality "1"]

1. d4 d5 2. Nf3 Nf6 3. c4 e6 4. Nc3 c6 5. e3 Nbd7 6. Qc2 a6 7. a3 Be7 8. b3 0-0 9. Bd3 Re8 10. 0-0 Nf8 11. Ne5 Ng6 12. f4 c5 13. Ne2 Qc7 14. Bb2 b6 15. Rac1 Bb7 16. Kh1 Rac8 17. Ng1 Ne4 18. Nxg6 hxg6 19. Nf3 Nf6 20. Ne5 Bd6 21. Nxf7 Qxf7 22. Bxg6 Qe7 23. Bxe8 Qxe8 24. dxc5 Bxc5 25. Qe2 a5 26. cxd5 Bxd5 27. Bxf6 gxf6 28. e4 Bxb3 29. Rc3 Ba4 30. Qg4+ Kf7 31. e5 Qg8 32. Qh4 Qh8 33. Qe1 Bc6 34. f5 fxe5 35. fxe6+ Kxe6 36. Qe2 Rg8 37. Rcf3 Bxf3 38. Qxf3 Rf8 39. Qc6+ Bd6 40. Rd1 Rd8 41. Qd5+ Ke7 42. Rf1 Qh7 43. Qb7+ Rd7 44. Qc8 Qg7 45. Qc4 Rc7 46. Qd5 Bxa3 47. Rd1 Qh8 48. Qb3 Bc5 49. Qd5 Bd4 50. Rf1 Qg7 51. h3 Qg6 52. Qa8 Qh6 53. Kh2 Be3 54. Qf3 Qf4+ 0-1

[Event "Pyramiden Franken Cup"]
[Site "Fuerth"]
[Date "2016.09.04"]
[Round "7"]
[White "Noeckler, Alexander"]
[Black "Redzepovic, Irfan"]
[Result "1/2-1/2"]
[WhiteElo "1887"]
[BlackElo "2124"]
[PlyCount "57"]
[EventDate "2016.09.01"]
[EventType "swiss"]
[EventRounds "7"]
[EventCountry "GER"]
[SourceTitle "CBM 174 Extra"]
[Source "ChessBase"]
[SourceDate "2016.10.10"]
[SourceVersion "1"]
[SourceVersionDate "2016.10.10"]
[SourceQuality "1"]

1. c4 c6 2. Nf3 Nf6 3. e3 d5 4. b3 e6 5. Bb2 Be7 6. Be2 0-0 7. 0-0 b6 8. Qc2 Nbd7 9. d3 c5 10. Nbd2 Bb7 11. cxd5 exd5 12. d4 Rc8 13. Qd1 Re8 14. Rc1 Bd6 15. Ne1 Ne4 16. Nxe4 dxe4 17. Nc2 Qe7 18. Qd2 Red8 19. Rfd1 Qg5 20. Na3 cxd4 21. Rxc8 Bxc8 22. Qxd4 Nc5 23. Kh1 Nd3 24. Bxd3 Bxa3 25. Qxe4 Qh5 26. g4 Bxg4 27. Qxh7+ Qxh7 28. Bxh7+ Kxh7 29. Rxd8 1/2-1/2

[Event "Pyramiden Franken Cup"]
[Site "Fuerth"]
[Date "2016.09.03"]
[Round "4"]
[White "Thesing, Ansgar"]
[Black "Noeckler, Alexander"]
[Result "0-1"]
[WhiteElo "1983"]
[BlackElo "1887"]
[PlyCount "102"]
[EventDate "2016.09.01"]
[EventType "swiss"]
[EventRounds "7"]
[EventCountry "GER"]
[SourceTitle "CBM 174 Extra"]
[Source "ChessBase"]
[SourceDate "2016.10.10"]
[SourceVersion "1"]
[SourceVersionDate "2016.10.10"]
[SourceQuality "1"]

1. e4 c5 2. Nc3 a6 3. g3 d6 4. Bg2 Nf6 5. d3 e6 6. f4 Qc7 7. Nf3 Nc6 8. 0-0 Be7 9. h3 0-0 10. Ne2 Bd7 11. g4 c4 12. Ng3 cxd3 13. cxd3 Rac8 14. g5 Ne8 15. a3 g6 16. Be3 Ng7 17. Nh2 f5 18. h4 e5 19. exf5 Nxf5 20. Nxf5 Bxf5 21. Qb3+ Kg7 22. fxe5 dxe5 23. Rac1 Qd7 24. Be4 Be6 25. Qd1 Nd4 26. h5 Bb3 27. h6+ Kg8 28. Rxf8+ Rxf8 29. Qd2 b6 30. Qg2 Bc5 31. Kh1 Be6 32. Bg1 Nb3 33. Rf1 Rxf1 34. Nxf1 Bxg1 35. Kxg1 Nc5 36. Qe2 Bg4 37. Bf3 Bxf3 38. Qxf3 Nxd3 39. Qa8+ Kf7 40. Qh8 Qg4+ 41. Kh1 Qf3+ 42. Kh2 Qf2+ 43. Kh3 Qxf1+ 44. Kg3 Qf2+ 45. Kg4 Qg2+ 46. Kh4 Qh2+ 47. Kg4 Qf4+ 48. Kh3 Qf3+ 49. Kh2 Qh5+ 50. Kg1 Qxg5+ 51. Kf1 Qf6+ 0-1

[Event "Oberpfalz-ch M1"]
[Site "Schwandorf"]
[Date "2015.03.30"]
[Round "6"]
[White "Moroz, Grigorij"]
[Black "Noeckler, Alexander"]
[Result "1-0"]
[WhiteElo "2068"]
[BlackElo "1946"]
[PlyCount "91"]
[EventDate "2015.03.28"]
[EventType "swiss"]
[EventRounds "8"]
[EventCountry "GER"]
[SourceTitle "EXT 2022"]
[Source "ChessBase"]
[SourceDate "2021.10.06"]
[SourceVersion "1"]
[SourceVersionDate "2021.10.06"]
[SourceQuality "1"]

1. e4 c5 2. Nf3 d6 3. d4 cxd4 4. Nxd4 Nf6 5. Nc3 a6 6. h3 e5 7. Nde2 Be6 8. g4 h6 9. Bg2 b5 10. a3 Nbd7 11. Be3 Nb6 12. b3 Qc7 13. Qd2 Rd8 14. 0-0 Rc8 15. Rfc1 Be7 16. Nd5 Bxd5 17. exd5 0-0 18. Ng3 Rfd8 19. Bxh6 Nfxd5 20. Bxg7 Kxg7 21. Nf5+ Kf8 22. Bxd5 Nxd5 23. Qxd5 Bg5 24. Rd1 Rd7 25. Nxd6 Bf4 26. c4 e4 27. c5 e3 28. Qf5 exf2+ 29. Kxf2 Bxd6 30. cxd6 Qb6+ 31. Kg2 Qe3 32. Qd3 Qg5 33. Rd2 a5 34. Rad1 b4 35. axb4 axb4 36. Qf5 Qd8 37. Qh7 Qf6 38. Qf5 Qd8 39. Qe5 Kg8 40. Rf1 Rc3 41. Rf5 Qa8+ 42. Kh2 f6 43. Rxf6 Rxh3+ 44. Kxh3 Rh7+ 45. Kg3 Rh1 46. Rg6+ 1-0

[Event "Pyramiden Franken Cup"]
[Site "Fuerth"]
[Date "2014.09.06"]
[Round "4"]
[White "Zuehlke, Burkhard"]
[Black "Noeckler, Alexander"]
[Result "1-0"]
[WhiteElo "2086"]
[BlackElo "1967"]
[PlyCount "57"]
[EventDate "2014.09.04"]
[EventType "swiss"]
[EventRounds "7"]
[EventCountry "GER"]
[SourceTitle "CBM 162 Extra"]
[Source "ChessBase"]
[SourceDate "2014.10.17"]
[SourceVersion "1"]
[SourceVersionDate "2014.10.17"]
[SourceQuality "1"]

1. d4 d5 2. c4 e6 3. Nc3 Nf6 4. Bg5 c6 5. e3 Nbd7 6. cxd5 exd5 7. Bd3 Be7 8. Nge2 0-0 9. Qc2 Re8 10. 0-0 h6 11. Bh4 Ne4 12. Bxe7 Qxe7 13. Bxe4 dxe4 14. Ng3 Nf6 15. Rae1 b6 16. f3 Ba6 17. Rf2 exf3 18. Rxf3 Rad8 19. Nf5 Qe6 20. Qf2 g6 21. d5 Nxd5 22. Nxh6+ Kg7 23. Rxf7+ Kh8 24. Qh4 g5 25. Qxg5 Rg8 26. Qh4 Rxg2+ 27. Kxg2 Qg6+ 28. Kh1 Rd6 29. Rf8+ 1-0

[Event "Nittenau-ch 12th"]
[Site "Nittenau"]
[Date "2012.09.16"]
[Round "4"]
[White "Noeckler, Alexander"]
[Black "Hessler, Markus"]
[Result "1-0"]
[WhiteElo "1805"]
[BlackElo "1680"]
[PlyCount "59"]
[EventDate "2012.09.14"]
[EventType "swiss"]
[EventRounds "5"]
[EventCountry "GER"]
[SourceTitle "EXT 2022"]
[Source "ChessBase"]
[SourceDate "2021.10.06"]
[SourceVersion "1"]
[SourceVersionDate "2021.10.06"]
[SourceQuality "1"]

1. c4 Nf6 2. Nc3 d5 3. d4 g6 4. g3 dxc4 5. Bg2 c6 6. e3 Bg7 7. Qa4 Be6 8. Nge2 0-0 9. Nf4 Bd5 10. e4 b5 11. Qc2 b4 12. Nce2 b3 13. axb3 cxb3 14. Qd3 Be6 15. Nxe6 fxe6 16. Qxb3 Ne8 17. Qxe6+ Kh8 18. e5 Nc7 19. Qc4 Nd5 20. 0-0 Qd7 21. Nf4 e6 22. Bh3 Re8 23. b3 Bf8 24. Bd2 a6 25. Rfc1 Ra7 26. Rc2 Rb7 27. Nxd5 cxd5 28. Qa4 Qd8 29. Rac1 Qb6 30. Qxe8 1-0

[Event "Nittenau-ch 12th"]
[Site "Nittenau"]
[Date "2012.09.14"]
[Round "1"]
[White "Pauer, Franz"]
[Black "Noeckler, Alexander"]
[Result "0-1"]
[WhiteElo "1506"]
[BlackElo "1805"]
[PlyCount "138"]
[EventDate "2012.09.14"]
[EventType "swiss"]
[EventRounds "5"]
[EventCountry "GER"]
[SourceTitle "EXT 2022"]
[Source "ChessBase"]
[SourceDate "2021.10.06"]
[SourceVersion "1"]
[SourceVersionDate "2021.10.06"]
[SourceQuality "1"]

1. e4 c5 2. Nf3 d6 3. d4 cxd4 4. Nxd4 Nf6 5. Nc3 a6 6. f3 e5 7. Nb3 Be6 8. Bg5 Nbd7 9. Qd2 Be7 10. h4 Rc8 11. Bd3 b5 12. Ne2 Qc7 13. Ng3 Nb6 14. Nf5 Bxf5 15. exf5 Nc4 16. Qc1 d5 17. 0-0 h6 18. Bd2 Nh5 19. Be1 0-0 20. Nd2 Ne3 21. Rf2 Bxh4 22. Re2 Bxe1 23. Rxe3 Qb6 24. Qxe1 Rfe8 25. Qf2 Qf6 26. c3 Qg5 27. Bf1 Nf4 28. g3 Nh5 29. Kh2 Qxf5 30. Bh3 Qc2 31. Bxc8 Rxc8 32. Rb1 Qf5 33. Rbe1 Nf6 34. Kg2 Re8 35. g4 Qg5 36. Qg3 Re6 37. Nb3 e4 38. Nd4 Re8 39. f4 Qg6 40. g5 hxg5 41. f5 Qh6 42. Rh1 Nh5 43. Qe1 Nf4+ 44. Kf2 Qf6 45. Rh2 Re5 46. Qh1 Ng6 47. Ke1 Nh4 48. Kd1 Kf8 49. Reh3 Nxf5 50. Qe1 Nxd4 51. cxd4 Rf5 52. Qb4+ Ke8 53. Rh8+ Kd7 54. a4 Rf1+ 55. Kc2 Qc6+ 56. Qc5 Qxc5+ 57. dxc5 bxa4 58. Rg2 f6 59. Kc3 Rf3+ 60. Kb4 e3 61. Kxa4 Rf2 62. Rxf2 exf2 63. Rh1 g4 64. b4 g3 65. b5 g2 66. Rd1 f1Q 67. Rxd5+ Kc8 68. b6 Qc4+ 69. Ka5 Qb5# 0-1